000 00295nam a22001337a 4500
008 170919b xxu||||| |||| 00| 0 eng d
020 _a9780439438384
041 _aeng
080 _a7
100 _a44
101 _aART
245 _aENCYCLOPEDIA OF ANCIENT EGYPT
_cHARVEY,G
942 _2udc
_cBK
999 _c28231
_d28231